Cultural anthropology journal of the Society for Cultural Anthropology.

Bibliographic Details
Corporate Authors: Society for Cultural Anthropology (U.S.), American Anthropological Association
Format: Electronic Journal
Language:English
Published: Washington, D.C. : American Anthropological Association, 1986-
Subjects:
Online Access:Full text available from Research Library: 05/01/1999 to 08/31/2009

MARC

LEADER 00000nas a2200000 a 4500
001 ssj0012004
003 WaSeSS
005 20200512172242.0
006 m d
007 cr n
008 021211c19869999vauqr pss 0 a0eng c
010 |a  2002227223 
016 7 |a 2068766-7  |2 DE-600 
016 7 |a 101092924  |2 DNLM 
022 |a 1548-1360  |l 0886-7356  |y 0886-7356 
035 |a (WaSeSS)ssj0012004 
037 |b University of California Press, 2000 Center St., Ste. 303, Berkeley, CA 94704-1223 
040 |a EYM  |b eng  |c EYM  |d OCLCQ  |d NSD  |d OCLCQ  |d OCL  |d NSD  |d OCLCS  |d MYG  |d DLC  |d OCLCQ  |d OCLCF  |d AU@  |d JPG  |d VT2  |d OCLCO  |d OCLCQ  |d UKBOL  |d OCLCO  |d OCLCQ  |d DEBBG  |d OCLCO  |d OCLCQ  |d NTG  |d TOF  |d OCLCQ  |d UAB  |d U3W  |d WaSeSS 
042 |a pcc  |a nsdp 
050 1 4 |a GN301 
130 0 |a Cultural anthropology (Online) 
222 0 |a Cultural anthropology  |b (Online) 
245 1 0 |a Cultural anthropology  |h [electronic resource] :  |b journal of the Society for Cultural Anthropology. 
260 |a Washington, D.C. :  |b American Anthropological Association,  |c 1986- 
310 |a Quarterly 
362 0 |a Vol. 1, no. 1 (Feb. 1986)- 
500 |a Title from title screen (viewed Dec. 12, 2002). 
500 |a Place of publication: Arlington, Va., 1993- 
500 |a Some issues also have a theme title. 
506 |a License restrictions may limit access. 
538 |a Mode of access: World Wide Web. 
550 |a Published for: Society for Cultural Anthropology. 
588 |a Latest issue consulted: Vol. 24, no. 1 (Feb. 2009) (AnthroSource, viewed Mar. 3, 2009). 
650 0 |a Ethnology  |v Periodicals. 
650 7 |a Ethnology.  |2 fast  |0 (OCoLC)fst00916106 
650 1 7 |a Culturele antropologie.  |2 gtt 
653 |a Sociology 
655 0 |a Electronic journals. 
710 2 |a Society for Cultural Anthropology (U.S.) 
710 2 |a American Anthropological Association. 
776 0 8 |i Print version:  |t Cultural anthropology  |x 0886-7356  |w (DLC) 86643162  |w (OCoLC)12964171 
856 4 0 |z Full text available from Research Library: 05/01/1999 to 08/31/2009  |u https://search.proquest.com/publication/36272